000 00545nam a22001817a 4500
005 20240603154416.0
008 240603b ||||| |||| 00| 0 eng d
020 _a9789622089921
040 _aBSOP
050 _aBT75
_bB28
100 _a卡爾.巴特 Barth, Karl
245 _a教會教義學 = Church dogmatic {ch} /
_c卡爾.巴特 Karl Barth.
260 _a香港 :
_b天道書樓,
_c2018.
300 _axlv, 392p. ;
_c23cm.
440 _aTheological Education Series.
_vVolume 1
650 _aTheology, Doctrinal {ch}
942 _2lcc
_cBK
999 _c52906
_d52906